000 00632nam a2200241Ia 4500
003 IN-BaIIA
008 211028s9999 xx 000 0 eng d
020 _a0- 85274 -082-4
040 _cIIA Library
080 _a52
_bROY
100 _aRoy, A. E
_99627
245 0 _aAstronomy
_bstructure of the universe
_c A. E. Roy and D. Clarke
250 _a3rd ed.
260 _aBristol
_bAdam Hilger
_c1989
300 _axiii, 299p.
650 _aEclipses
_9909
650 _aNebulae
_9976
650 _aSolar system
650 _aStellar atmospheres
_91135
650 _aStellar motions
700 _aClarke, D
_99628
942 _cBK
999 _c14966
_d14966